| 000 | 00399nam a2200145Ia 4500 | ||
|---|---|---|---|
| 008 | 231129s2016||||xx |||||||||||||| ||spa|| | ||
| 020 | _a978-958-8979-08-3 | ||
| 040 | _bspa | ||
| 082 | _aCo863 ó75ma | ||
| 100 | _aOrrantia Marta | ||
| 245 | 0 | _aMañana no te presentes | |
| 260 | _c2016 | ||
| 264 | _aBogotá Colombia : Penguin Random House | ||
| 942 |
_2ddc _cBKS |
||
| 999 |
_c20589 _d20589 |
||